[Event "Nikaia op 29th"]
[Site "Nikaia"]
[Date "2022.09.08"]
[Round "8"]
[White "Roinos, Ilias"]
[Black "Vassis, Michail"]
[Result "1/2-1/2"]
[WhiteElo "2186"]
[BlackElo "1748"]
[PlyCount "101"]
[EventDate "2022.09.01"]
[EventType "swiss"]
[EventRounds "9"]
[EventCountry "GRE"]
[SourceTitle "CBM 210 Extra"]
[Source "ChessBase"]
[SourceDate "2022.11.30"]
[SourceVersion "1"]
[SourceVersionDate "2022.11.30"]
[SourceQuality "1"]

1. e4 e6 2. b3 d5 3. Bb2 dxe4 4. Nc3 Nf6 5. Qe2 Nc6 6. Nxe4 Nxe4 7. Qxe4 Qd5 8. Qxd5 exd5 9. 0-0-0 f6 10. Ne2 Bc5 11. Nf4 Ne7 12. Re1 c6 13. Ne6 Bxe6 14. Rxe6 Kf7 15. Re2 Nf5 16. f4 Nd6 17. g3 Rae8 18. Rxe8 Rxe8 19. Bd3 g6 20. Rf1 h5 21. c4 Ne4 22. Kc2 Nd6 23. a3 dxc4 24. bxc4 a6 25. a4 Nc8 26. Rb1 Re7 27. Bc3 b6 28. Bf1 Rd7 29. Bh3 f5 30. Bg2 Ne7 31. d4 Rxd4 32. Bxd4 Bxd4 33. Rd1 Bc5 34. Rd7 Ke6 35. Ra7 a5 36. Rb7 Kd6 37. Kd3 Bg1 38. h3 Bf2 39. Ke2 Bxg3 40. Kf3 Bh4 41. Rxb6 Kc7 42. Rb1 Nc8 43. c5 Be7 44. Rc1 Bh4 45. Ke3 Bg3 46. Bf1 Bh4 47. Bc4 Bf6 48. Be6 Ne7 49. Rd1 Bh4 50. Rd7+ Kb8 51. Kd4 1/2-1/2

[Event "Nikaia op 29th"]
[Site "Nikaia"]
[Date "2022.09.03"]
[Round "3"]
[White "Roinos, Ilias"]
[Black "Oikonomopoulos, Filippos"]
[Result "1-0"]
[WhiteElo "2186"]
[BlackElo "1899"]
[PlyCount "89"]
[EventDate "2022.09.01"]
[EventType "swiss"]
[EventRounds "9"]
[EventCountry "GRE"]
[SourceTitle "CBM 210 Extra"]
[Source "ChessBase"]
[SourceDate "2022.11.30"]
[SourceVersion "1"]
[SourceVersionDate "2022.11.30"]
[SourceQuality "1"]

1. d4 Nf6 2. c4 e6 3. Nf3 c5 4. g3 b6 5. d5 Ba6 6. dxe6 Bxc4 7. exf7+ Bxf7 8. Bg2 Nc6 9. Nc3 d5 10. Ng5 Bg8 11. Qa4 Qd7 12. Bh3 Qb7 13. 0-0 d4 14. Bg2 Rc8 15. Nce4 Nd5 16. e3 d3 17. Qd1 h6 18. Qh5+ Bf7 19. Nxf7 Qxf7 20. Qxf7+ Kxf7 21. Ng5+ hxg5 22. Bxd5+ Kf6 23. b3 Bd6 24. f4 gxf4 25. gxf4 Nb4 26. Bb2+ Ke7 27. Bc4 Kd7 28. Rad1 Kc7 29. Bxd3 Rce8 30. Rf3 Nxd3 31. Rxd3 Re7 32. Rg3 Rg8 33. Rg6 Rd7 34. Kf2 Rh8 35. Rdxd6 Rxh2+ 36. Kf3 Rxd6 37. Be5 Rhd2 38. Bxd6+ Rxd6 39. Rxg7+ Kb8 40. f5 b5 41. e4 c4 42. bxc4 bxc4 43. e5 Rd5 44. Ke4 Rd1 45. f6 1-0

[Event "GRE-chT 49th"]
[Site "Thessaloniki"]
[Date "2022.08.16"]
[Round "6.10"]
[White "Kiratzopoulos, Efthimios"]
[Black "Roinos, Ilias"]
[Result "0-1"]
[WhiteElo "2237"]
[BlackElo "2186"]
[PlyCount "80"]
[EventDate "2022.08.12"]
[EventType "team-swiss"]
[EventRounds "7"]
[EventCountry "GRE"]
[SourceTitle "CBM 209 Extra"]
[Source "ChessBase"]
[SourceDate "2022.09.30"]
[SourceVersion "1"]
[SourceVersionDate "2022.09.30"]
[SourceQuality "1"]
[WhiteTeam "Poleyeroe Aso"]
[BlackTeam "Zeenon Glyfathas"]
[WhiteTeamCountry "GRE"]
[BlackTeamCountry "GRE"]

1. d4 d6 2. Nc3 g6 3. Bf4 Bg7 4. Qd2 c6 5. 0-0-0 Nd7 6. e4 b5 7. e5 d5 8. Qe3 Nf8 9. Bg3 h5 10. Nf3 Nh6 11. Bd3 Bf5 12. Ng5 Ne6 13. Nxe6 Bxe6 14. f4 Qa5 15. Kb1 Rd8 16. Ne2 Bf5 17. Be1 Qc7 18. Bb4 a5 19. Bc5 Bxd3 20. Qxd3 a4 21. a3 Qd7 22. Ng3 h4 23. e6 Qc8 24. Rde1 f5 25. Nf1 Ng4 26. Rg1 Nf2 27. Qe2 Ne4 28. g4 hxg3 29. Nxg3 Qxe6 30. Rg2 Kf7 31. Nxe4 dxe4 32. Qe3 Rh6 33. Reg1 Bf6 34. h3 Qd5 35. c3 Rdh8 36. Rh1 Qc4 37. Kc2 Rh4 38. Qg3 Rg4 39. hxg4 Rxh1 40. Rg1 Qd3+ 0-1

[Event "GRE-chT 48th"]
[Site "Athens"]
[Date "2021.09.08"]
[Round "3.1"]
[White "Roinos, Ilias"]
[Black "Vlahos, Kiriakos"]
[Result "0-1"]
[WhiteElo "2175"]
[BlackElo "2277"]
[PlyCount "64"]
[EventDate "2021.09.07"]
[EventType "team-swiss"]
[EventRounds "7"]
[EventCountry "GRE"]
[SourceTitle "CBM 204 Extra"]
[Source "ChessBase"]
[SourceDate "2021.11.30"]
[SourceVersion "1"]
[SourceVersionDate "2021.11.30"]
[SourceQuality "1"]
[WhiteTeam "Zeenon Glyfathas"]
[BlackTeam "OFI"]
[WhiteTeamCountry "GRE"]
[BlackTeamCountry "GRE"]

1. e4 e5 2. Nf3 Nc6 3. Bb5 a6 4. Ba4 Nf6 5. 0-0 b5 6. Bb3 Bc5 7. c3 d6 8. d4 Bb6 9. h3 0-0 10. Re1 Bb7 11. a4 Re8 12. Bg5 h6 13. Bh4 exd4 14. cxd4 g5 15. Bxg5 hxg5 16. Nxg5 Nxd4 17. Nxf7 Qe7 18. Nxd6+ Nxb3 19. Qxb3+ Bd5 20. Qg3+ Qg7 21. Qxg7+ Kxg7 22. Nxe8+ Rxe8 23. Nc3 Bb7 24. axb5 axb5 25. e5 Nh5 26. Rad1 Nf4 27. Rd7+ Kg6 28. Red1 Rxe5 29. R1d6+ cxd6 30. Rxb7 Re1+ 31. Kh2 Bxf2 32. Rxb5 Re3 0-1

[Event "GRE-chT 46th"]
[Site "Rio Achaia"]
[Date "2018.07.11"]
[Round "3.5"]
[White "Roinos, Ilias"]
[Black "Kourousis, Epaminondas"]
[Result "1/2-1/2"]
[WhiteElo "2220"]
[BlackElo "2399"]
[PlyCount "124"]
[EventDate "2018.07.10"]
[EventType "team"]
[EventRounds "7"]
[EventCountry "GRE"]
[SourceTitle "CBM 185 Extra"]
[Source "ChessBase"]
[SourceDate "2018.07.29"]
[SourceVersion "1"]
[SourceVersionDate "2018.07.29"]
[SourceQuality "1"]
[WhiteTeam "Zone of Glyfada"]
[BlackTeam "Panionios GA"]
[WhiteTeamCountry "GRE"]
[BlackTeamCountry "GRE"]

1. e4 c6 2. d4 d5 3. exd5 cxd5 4. c4 Nf6 5. Nc3 e6 6. Nf3 Be7 7. Bd3 0-0 8. 0-0 dxc4 9. Bxc4 a6 10. a3 b5 11. Ba2 Bb7 12. Re1 Nc6 13. Bg5 h6 14. Bh4 Nh5 15. Bxe7 Nxe7 16. Ne5 Nf6 17. Qd3 Qb6 18. Qh3 Rad8 19. Nxf7 Rxf7 20. Bxe6 Bc8 21. Bxf7+ Kxf7 22. Qg3 Nf5 23. Qe5 Qxd4 24. Qc7+ Qd7 25. Qc5 Qd6 26. Qxd6 Rxd6 27. Rad1 Be6 28. f3 Bb3 29. Rxd6 Nxd6 30. Ne2 Be6 31. Nd4 Bd7 32. b3 Nf5 33. Nxf5 Bxf5 34. Rc1 Bd7 35. Rc7 a5 36. Kf2 a4 37. bxa4 bxa4 38. Rb7 Ke6 39. Ke3 Kd5 40. Kd3 h5 41. h4 g6 42. Rb6 Ke5 43. g3 Nd5 44. f4+ Kf5 45. Rd6 Nf6 46. Kd4 Be8 47. Ra6 Ng4 48. Rd6 Nh6 49. Rd8 Bf7 50. Ra8 Bb3 51. Ra5+ Kf6 52. Ra6+ Kf5 53. Ra5+ Kf6 54. Ra6+ Kg7 55. Ra7+ Nf7 56. Ra6 Bc2 57. Kc3 Bd1 58. Kd4 Nh6 59. Ra7+ Kf6 60. Ra6+ Kf5 61. Ra5+ Kf6 62. Ra6+ Kf5 1/2-1/2

[Event "GRE-chT 46th"]
[Site "Rio Achaia"]
[Date "2018.07.10"]
[Round "1.14"]
[White "Roinos, Ilias"]
[Black "Galopoulos, Nikolaos"]
[Result "0-1"]
[WhiteElo "2220"]
[BlackElo "2351"]
[PlyCount "96"]
[EventDate "2018.07.10"]
[EventType "team"]
[EventRounds "7"]
[EventCountry "GRE"]
[SourceTitle "CBM 185 Extra"]
[Source "ChessBase"]
[SourceDate "2018.07.29"]
[SourceVersion "1"]
[SourceVersionDate "2018.07.29"]
[SourceQuality "1"]
[WhiteTeam "Zone of Glyfada"]
[BlackTeam "Florence FL"]
[WhiteTeamCountry "GRE"]
[BlackTeamCountry "GRE"]

1. e4 c5 2. Nf3 d6 3. d4 cxd4 4. Nxd4 Nf6 5. Nc3 a6 6. Bc4 e6 7. Bb3 b5 8. Bg5 Be7 9. Qf3 Qb6 10. 0-0-0 Nbd7 11. Rhe1 0-0 12. Qg3 Nc5 13. f4 Qb7 14. Qh4 h6 15. Bxh6 Nfxe4 16. Bg5 Nxg5 17. fxg5 b4 18. Re3 Nxb3+ 19. Nxb3 bxc3 20. Rh3 Bxg5+ 21. Qxg5 cxb2+ 22. Kb1 e5 23. Rg3 f6 24. Qg6 Qf7 25. Qxf7+ Kxf7 26. Rxd6 Bf5 27. Kxb2 Rfc8 28. c3 Rd8 29. Rxd8 Rxd8 30. c4 Be6 31. c5 Rc8 32. Rc3 Bd5 33. g3 f5 34. Na5 Ke6 35. a3 g5 36. Kc1 e4 37. Kd2 Rh8 38. c6 Rxh2+ 39. Ke1 Rh8 40. c7 Rc8 41. Nc6 Kd6 42. Nd4 f4 43. gxf4 gxf4 44. Nf5+ Kd7 45. Rc5 Bb7 46. Nd4 f3 47. a4 Rxc7 48. Nb3 e3 0-1

[Event "Pardubice Czech op-A 28th"]
[Site "Pardubice"]
[Date "2017.07.26"]
[Round "6"]
[White "Strebkovs, Andrejs"]
[Black "Roinos, Ilias"]
[Result "1/2-1/2"]
[WhiteElo "2321"]
[BlackElo "2206"]
[PlyCount "75"]
[EventDate "2017.07.21"]
[EventType "swiss"]
[EventRounds "9"]
[EventCountry "CZE"]
[SourceTitle "CBM 179 Extra"]
[Source "ChessBase"]
[SourceDate "2017.08.23"]
[SourceVersion "1"]
[SourceVersionDate "2017.08.23"]
[SourceQuality "1"]

1. d4 d5 2. Nf3 e6 3. c4 c5 4. cxd5 exd5 5. g3 Nc6 6. Bg2 Nf6 7. 0-0 Be7 8. b3 0-0 9. Bb2 Re8 10. Nc3 a6 11. dxc5 Bxc5 12. Rc1 Ba7 13. Na4 Ne4 14. Nd4 Ne5 15. Nc3 f5 16. e3 Kh8 17. Nce2 Qd6 18. Nf4 Bd7 19. Qh5 g6 20. Qh6 Kg8 21. Nf3 Nxf3+ 22. Bxf3 Re7 23. Rfd1 Bc6 24. h4 Nxf2 25. Rxc6 bxc6 26. Kxf2 Bxe3+ 27. Kg2 Rae8 28. Ba1 Qa3 29. Qg5 Qxa2+ 30. Kh3 Re6 31. Bd4 Qf2 32. Nxe6 Qxf3 33. Qxe3 Qxd1 34. Kh2 Qc2+ 35. Kg1 Qb1+ 36. Kh2 Qc2+ 37. Kg1 Qb1+ 38. Kh2 1/2-1/2

[Event "Pardubice Czech op-A 28th"]
[Site "Pardubice"]
[Date "2017.07.21"]
[Round "1"]
[White "Roinos, Ilias"]
[Black "Biolek, Richard Jr"]
[Result "0-1"]
[WhiteElo "2206"]
[BlackElo "2437"]
[PlyCount "64"]
[EventDate "2017.07.21"]
[EventType "swiss"]
[EventRounds "9"]
[EventCountry "CZE"]
[SourceTitle "CBM 179 Extra"]
[Source "ChessBase"]
[SourceDate "2017.08.23"]
[SourceVersion "1"]
[SourceVersionDate "2017.08.23"]
[SourceQuality "1"]

1. e4 Nc6 2. Nc3 e5 3. Nf3 Nf6 4. d4 exd4 5. Nxd4 Bb4 6. Nxc6 bxc6 7. Bd3 d5 8. e5 Ng4 9. 0-0 0-0 10. Bf4 f6 11. exf6 Qxf6 12. Bg3 Bd6 13. Qd2 Rb8 14. Na4 Rb4 15. b3 Ne5 16. Rae1 Rd4 17. Re3 Bf5 18. Qe2 Nxd3 19. cxd3 Qg6 20. Bxd6 cxd6 21. Nb2 Rg4 22. Rg3 Rxg3 23. hxg3 Re8 24. Qf3 Bg4 25. Qf4 c5 26. Nd1 Be2 27. Re1 Qxd3 28. f3 d4 29. Kf2 Qc2 30. Kg1 d3 31. Ne3 Qd2 32. Qc4+ Kh8 0-1

[Event "GRE-chT 45th"]
[Site "Achaia"]
[Date "2017.07.08"]
[Round "7.3"]
[White "Roinos, Ilias"]
[Black "Mastrovasilis, Athanasios"]
[Result "1/2-1/2"]
[WhiteElo "2206"]
[BlackElo "2492"]
[PlyCount "61"]
[EventDate "2017.07.03"]
[EventType "team-swiss"]
[EventRounds "7"]
[EventCountry "GRE"]
[SourceTitle "CBM 179 Extra"]
[Source "ChessBase"]
[SourceDate "2017.08.23"]
[SourceVersion "1"]
[SourceVersionDate "2017.08.23"]
[SourceQuality "1"]
[WhiteTeam "Glyfadas Zenon"]
[BlackTeam "Thessaloniki HS"]
[WhiteTeamCountry "GRE"]
[BlackTeamCountry "GRE"]

1. e4 c5 2. Nf3 e6 3. d4 cxd4 4. Nxd4 Nc6 5. Nc3 Qc7 6. g3 a6 7. Bg2 Nf6 8. 0-0 h5 9. h3 Bc5 10. Be3 d6 11. Na4 Ba7 12. c4 Bd7 13. Nc3 Nxd4 14. Bxd4 Bxd4 15. Qxd4 e5 16. Qd2 0-0 17. Rfd1 Qxc4 18. Qxd6 Qe6 19. Qxe6 Bxe6 20. Nd5 Bxd5 21. exd5 Rad8 22. d6 Rd7 23. Rac1 Rfd8 24. Rc5 e4 25. Re5 Rxd6 26. Rxd6 Rxd6 27. Bxe4 Nxe4 28. Rxe4 Rd2 29. Rb4 b5 30. a4 bxa4 31. Rxa4 1/2-1/2

[Event "GRE-chT 45th"]
[Site "Achaia"]
[Date "2017.07.04"]
[Round "2.13"]
[White "Roinos, Ilias"]
[Black "Giannoutsos, Panagiotis"]
[Result "1-0"]
[WhiteElo "2206"]
[BlackElo "1717"]
[PlyCount "63"]
[EventDate "2017.07.03"]
[EventType "team-swiss"]
[EventRounds "7"]
[EventCountry "GRE"]
[SourceTitle "CBM 179 Extra"]
[Source "ChessBase"]
[SourceDate "2017.08.23"]
[SourceVersion "1"]
[SourceVersionDate "2017.08.23"]
[SourceQuality "1"]
[WhiteTeam "Glyfadas Zenon"]
[BlackTeam "Evoiki HS"]
[WhiteTeamCountry "GRE"]
[BlackTeamCountry "GRE"]

1. e4 c5 2. Nf3 d6 3. d4 cxd4 4. Nxd4 Nf6 5. Nc3 a6 6. Bc4 e6 7. Bb3 b5 8. Bg5 Be7 9. Qf3 Qb6 10. 0-0-0 Qb7 11. Rhe1 Nc6 12. Bxf6 gxf6 13. Nxc6 Qxc6 14. Nd5 Bb7 15. Nxf6+ Kd8 16. Ng4 Bg5+ 17. Kb1 Ke7 18. h4 Bxh4 19. Bd5 Qc7 20. Bxb7 Qxb7 21. Qf4 Qc7 22. Qh6 Rac8 23. Qxh4+ Kf8 24. Qf6 Qxc2+ 25. Ka1 Rg8 26. Ne3 Qc7 27. Qf4 Rd8 28. Rc1 Qb6 29. Qh6+ Ke7 30. Nd5+ exd5 31. exd5+ Kd7 32. Qh3+ 1-0

[Event "GRE-chT 45th"]
[Site "Achaia"]
[Date "2017.07.04"]
[Round "3.11"]
[White "Tsiros, Fragkiskos Vlasios"]
[Black "Roinos, Ilias"]
[Result "1/2-1/2"]
[WhiteElo "2086"]
[BlackElo "2206"]
[PlyCount "135"]
[EventDate "2017.07.03"]
[EventType "team-swiss"]
[EventRounds "7"]
[EventCountry "GRE"]
[SourceTitle "CBM 179 Extra"]
[Source "ChessBase"]
[SourceDate "2017.08.23"]
[SourceVersion "1"]
[SourceVersionDate "2017.08.23"]
[SourceQuality "1"]
[WhiteTeam "Papagou BC"]
[BlackTeam "Glyfadas Zenon"]
[WhiteTeamCountry "GRE"]
[BlackTeamCountry "GRE"]

1. e4 e5 2. Nc3 Nf6 3. g3 Nc6 4. Bg2 Bc5 5. Nge2 a6 6. 0-0 d6 7. d3 Be6 8. h3 h5 9. Nd5 Qd7 10. Kh2 Ba7 11. Be3 Bxe3 12. Nxe3 d5 13. c4 dxe4 14. dxe4 Qxd1 15. Raxd1 Nd7 16. f4 f6 17. f5 Bf7 18. Nd5 0-0-0 19. a3 Na5 20. c5 c6 21. Ne7+ Kc7 22. b4 Nc4 23. Rf3 Rhe8 24. Ng6 Bxg6 25. fxg6 Nf8 26. Rxd8 Rxd8 27. Rc3 Nd2 28. Kg1 Nxg6 29. Kf2 h4 30. Ke1 Rd7 31. gxh4 Nxh4 32. Bh1 g5 33. a4 b5 34. cxb6+ Kxb6 35. a5+ Kc7 36. Kf2 Nb1 37. Rc1 Na3 38. Bg2 Rd2 39. Bf1 Nc2 40. Kg1 Nf3+ 41. Kh1 Ne3 42. Rc3 Nxf1 43. Rxf3 Rxe2 44. Rxf1 Rxe4 45. Rxf6 Rxb4 46. Rf7+ Kd6 47. Ra7 c5 48. Rxa6+ Kd5 49. Ra8 c4 50. a6 Ra4 51. a7 Ke4 52. Kg2 Ke3 53. Kg3 e4 54. Kg4 Ra5 55. Rc8 Rxa7 56. Rxc4 Ra5 57. Rc8 Kd2 58. Rd8+ Ke2 59. Kg3 e3 60. Re8 Rf5 61. Ra8 Rc5 62. Ra2+ Kd3 63. Kf3 Rf5+ 64. Kg2 Rf4 65. Ra3+ Ke4 66. Ra4+ Kf5 67. Ra5+ Kg6 68. Re5 1/2-1/2

[Event "GRE-chT 45th"]
[Site "Achaia"]
[Date "2017.07.03"]
[Round "1.4"]
[White "Theodorou, Nikolas"]
[Black "Roinos, Ilias"]
[Result "1-0"]
[WhiteElo "2498"]
[BlackElo "2206"]
[PlyCount "93"]
[EventDate "2017.07.03"]
[EventType "team-swiss"]
[EventRounds "7"]
[EventCountry "GRE"]
[SourceTitle "CBM 179 Extra"]
[Source "ChessBase"]
[SourceDate "2017.08.23"]
[SourceVersion "1"]
[SourceVersionDate "2017.08.23"]
[SourceQuality "1"]
[WhiteTeam "Chania ADA"]
[BlackTeam "Glyfadas Zenon"]
[WhiteTeamCountry "GRE"]
[BlackTeamCountry "GRE"]

1. e4 e5 2. Nf3 Nc6 3. Nc3 Nf6 4. Bb5 Bc5 5. 0-0 0-0 6. Nxe5 Nxe5 7. d4 Bb4 8. dxe5 Bxc3 9. bxc3 Nxe4 10. Qd4 d5 11. f3 Ng5 12. f4 Ne6 13. Qe3 c6 14. Bd3 Qb6 15. f5 Nc7 16. a4 Re8 17. Qxb6 axb6 18. Bf4 Na6 19. a5 b5 20. g4 Nc5 21. Bg3 Bd7 22. h4 Na4 23. Rae1 Nxc3 24. e6 fxe6 25. f6 gxf6 26. Rxf6 Rf8 27. Rh6 Ne4 28. Be5 Be8 29. h5 c5 30. Bxe4 dxe4 31. Bd6 Rf3 32. Rxe6 Bc6 33. Bxc5 Rg3+ 34. Kh2 Rxg4 35. Re5 Rd8 36. Rf1 Rd2+ 37. Kh3 Rdg2 38. Rf8+ Kg7 39. Re6 R4g3+ 40. Kh4 Rg4+ 41. Kh3 R4g3+ 42. Kh4 Rg4+ 43. Kh3 h6 44. Ref6 Kh7 45. R6f7+ Rg7 46. Rxg7+ Kxg7 47. Kxg2 1-0

[Event "Nea Moudania op 2nd"]
[Site "Nea Moudania"]
[Date "2016.08.29"]
[Round "8"]
[White "Papakonstantinou, Dimitrios"]
[Black "Roinos, Ilias"]
[Result "1-0"]
[WhiteElo "1990"]
[BlackElo "2083"]
[PlyCount "71"]
[EventDate "2016.08.22"]
[EventType "swiss"]
[EventRounds "9"]
[EventCountry "GRE"]
[SourceTitle "CBM 174 Extra"]
[Source "ChessBase"]
[SourceDate "2016.10.10"]
[SourceVersion "1"]
[SourceVersionDate "2016.10.10"]
[SourceQuality "1"]

1. d4 d5 2. Nf3 e6 3. c4 c5 4. cxd5 exd5 5. Nc3 Nc6 6. g3 Nf6 7. Bg2 Be7 8. 0-0 0-0 9. dxc5 d4 10. Nb1 Bxc5 11. a3 a5 12. Qc2 Ba7 13. Rd1 Re8 14. Nc3 Qb6 15. Nb1 Bg4 16. Rf1 Rac8 17. Qd3 Qc5 18. Nbd2 Bf5 19. Qc4 Qe7 20. Qb5 Bc2 21. b4 Qxe2 22. Qxb7 Nd5 23. Re1 Qd3 24. Rxe8+ Rxe8 25. Qxc6 Nf6 26. Bf1 Qc3 27. Qxc3 dxc3 28. Nc4 Bd1 29. Kg2 Nd5 30. Be3 Nxe3+ 31. Nxe3 Bxe3 32. fxe3 c2 33. Kf2 g6 34. Nd4 Rc8 35. Rc1 Rc3 36. bxa5 1-0

[Event "GRE-chT 44th"]
[Site "Achaia"]
[Date "2016.07.09"]
[Round "6.8"]
[White "Roinos, Ilias"]
[Black "Tsiros, Fragkiskos Vlasios"]
[Result "1/2-1/2"]
[WhiteElo "2135"]
[BlackElo "2167"]
[PlyCount "107"]
[EventDate "2016.07.05"]
[EventType "team-swiss"]
[EventRounds "7"]
[EventCountry "GRE"]
[SourceTitle "CBM 173 Extra"]
[Source "ChessBase"]
[SourceDate "2016.08.29"]
[SourceVersion "1"]
[SourceVersionDate "2016.08.29"]
[SourceQuality "1"]
[WhiteTeam "Glyfadas Zenon"]
[BlackTeam "Papagou DP"]
[WhiteTeamCountry "GRE"]
[BlackTeamCountry "GRE"]

1. e4 c5 2. Nf3 d6 3. d4 cxd4 4. Nxd4 Nf6 5. Nc3 e6 6. Be2 Be7 7. 0-0 0-0 8. f4 Nc6 9. Kh1 Bd7 10. Be3 Nxd4 11. Qxd4 Bc6 12. Bf3 Qc7 13. Rad1 b5 14. e5 Bxf3 15. exd6 Bxg2+ 16. Kxg2 Qc6+ 17. Kg1 Rfd8 18. Qc5 Rxd6 19. Rxd6 Qxd6 20. Qxd6 Bxd6 21. Nxb5 Nd5 22. Bxa7 Bxf4 23. a3 Rc8 24. c3 g5 25. a4 Rc6 26. a5 Ra6 27. Ra1 Nc7 28. Nxc7 Bxc7 29. Be3 Rxa5 30. Rxa5 Bxa5 31. Bxg5 Bb6+ 32. Kg2 Kg7 33. b4 Kg6 34. Bd2 Kf5 35. c4 Ke4 36. c5 Bc7 37. b5 Kd5 38. Be3 f5 39. h3 e5 40. Kf3 e4+ 41. Ke2 f4 42. b6 Be5 43. Bg1 e3 44. Bxe3 fxe3 45. Kxe3 Kxc5 46. Kf3 Kxb6 47. Kg2 Kc5 48. Kh1 Kd4 49. Kg2 Ke3 50. Kh1 Kf3 51. h4 h5 52. Kg1 Bd4+ 53. Kh1 Kf2 54. Kh2 1/2-1/2

[Event "GRE-chT 44th"]
[Site "Achaia"]
[Date "2016.07.08"]
[Round "5.9"]
[White "Vallianos, Gerasimos"]
[Black "Roinos, Ilias"]
[Result "0-1"]
[WhiteElo "1819"]
[BlackElo "2135"]
[PlyCount "98"]
[EventDate "2016.07.05"]
[EventType "team-swiss"]
[EventRounds "7"]
[EventCountry "GRE"]
[SourceTitle "CBM 173 Extra"]
[Source "ChessBase"]
[SourceDate "2016.08.29"]
[SourceVersion "1"]
[SourceVersionDate "2016.08.29"]
[SourceQuality "1"]
[WhiteTeam "Alexandroupolis Ethnikos"]
[BlackTeam "Glyfadas Zenon"]
[WhiteTeamCountry "GRE"]
[BlackTeamCountry "GRE"]

1. d4 d5 2. Nf3 e6 3. c4 c5 4. dxc5 Bxc5 5. Nc3 Nf6 6. e3 0-0 7. cxd5 exd5 8. Be2 Nc6 9. 0-0 Re8 10. b3 a6 11. Bb2 Bd6 12. Qc2 Bg4 13. Rfd1 Rc8 14. Rac1 Bb8 15. Nd4 Ne5 16. h3 Bd7 17. Qb1 Qb6 18. Qa1 Qd6 19. Kf1 Ba7 20. a4 Ng6 21. Nf3 Be6 22. Nb1 Ne4 23. Bd4 Bb8 24. Nbd2 Bf5 25. Nxe4 dxe4 26. Rxc8 Rxc8 27. Bxg7 exf3 28. Rxd6 fxe2+ 29. Kxe2 Bxd6 30. Bc3 Be7 31. Qb2 Bf6 32. Qa3 Rxc3 33. Qb4 Rc2+ 34. Kf1 Rc1+ 35. Ke2 Ne5 36. e4 Be6 37. f4 Nc6 38. Qxb7 Nd4+ 39. Kd2 Nxb3+ 40. Ke2 Rc2+ 41. Kf3 Nc5 42. Qb8+ Kg7 43. f5 Rc3+ 44. Kg4 Bb3 45. e5 Bd1+ 46. Kf4 Nd3+ 47. Ke4 Nxe5 48. g4 Bf3+ 49. Kf4 Bc6 0-1

[Event "GRE-chT 44th"]
[Site "Achaia"]
[Date "2016.07.06"]
[Round "3.4"]
[White "Roinos, Ilias"]
[Black "Tsakiris, Haralambos"]
[Result "0-1"]
[WhiteElo "2135"]
[BlackElo "2298"]
[PlyCount "66"]
[EventDate "2016.07.05"]
[EventType "team-swiss"]
[EventRounds "7"]
[EventCountry "GRE"]
[SourceTitle "CBM 173 Extra"]
[Source "ChessBase"]
[SourceDate "2016.08.29"]
[SourceVersion "1"]
[SourceVersionDate "2016.08.29"]
[SourceQuality "1"]
[WhiteTeam "Glyfadas Zenon"]
[BlackTeam "Kavalas SO"]
[WhiteTeamCountry "GRE"]
[BlackTeamCountry "GRE"]

1. e4 e6 2. d3 d5 3. Nd2 Nf6 4. Ngf3 b6 5. Be2 Be7 6. 0-0 0-0 7. Re1 c5 8. c3 Ba6 9. e5 Nfd7 10. Nf1 Nc6 11. Qa4 Qc8 12. Bf4 b5 13. Qd1 Rd8 14. h4 b4 15. h5 bxc3 16. bxc3 Qc7 17. Qd2 d4 18. cxd4 cxd4 19. Rec1 Nc5 20. Bg3 Qa5 21. Qf4 Nb4 22. Ng5 Rf8 23. Qg4 Ncxd3 24. Nxe6 fxe6 25. Qxe6+ Rf7 26. Bf3 Rd8 27. Rd1 Nc5 28. Qh3 Bc8 29. Bg4 Bxg4 30. Qxg4 Nc2 31. Rab1 Qxa2 32. Nd2 Qe6 33. Qe2 d3 0-1

[Event "Athens Chess Square op"]
[Site "Athens"]
[Date "2016.05.04"]
[Round "4"]
[White "Kotrotsos, Vasilios"]
[Black "Roinos, Ilias"]
[Result "0-1"]
[WhiteElo "2285"]
[BlackElo "2106"]
[PlyCount "36"]
[EventDate "2016.05.02"]
[EventType "swiss"]
[EventRounds "7"]
[EventCountry "GRE"]
[SourceTitle "CBM 172 Extra"]
[Source "ChessBase"]
[SourceDate "2016.06.21"]
[SourceVersion "1"]
[SourceVersionDate "2016.06.21"]
[SourceQuality "1"]

1. e4 e5 2. Nf3 Nc6 3. d4 exd4 4. Nxd4 Bb4+ 5. c3 Bc5 6. Nxc6 bxc6 7. Bc4 Qh4 8. Qf3 d5 9. Bd3 Nf6 10. exd5 Ng4 11. g3 Qh3 12. Be3 Nxe3 13. fxe3 0-0 14. dxc6 Re8 15. e4 Bg4 16. Qf4 Rad8 17. Rf1 Kh8 18. Bc2 Qxh2 0-1

[Event "Nikaia op 23rd"]
[Site "Nikaia"]
[Date "2015.09.02"]
[Round "7"]
[White "Roinos, Ilias"]
[Black "Alexakis, Dimitrios"]
[Result "1/2-1/2"]
[WhiteElo "2055"]
[BlackElo "2197"]
[PlyCount "121"]
[EventDate "2015.08.26"]
[EventType "swiss"]
[EventRounds "9"]
[EventCountry "GRE"]
[SourceTitle "EXT 2016"]
[Source "ChessBase"]
[SourceDate "2015.10.08"]
[SourceVersion "1"]
[SourceVersionDate "2015.10.08"]
[SourceQuality "1"]

1. e4 d5 2. exd5 Qxd5 3. Nc3 Qa5 4. d4 Nf6 5. Bc4 c6 6. Nf3 Bf5 7. Bd2 e6 8. Qe2 Bb4 9. a3 Bxc3 10. Bxc3 Qc7 11. 0-0 Nbd7 12. Rfe1 0-0 13. Bb3 a5 14. Bd2 Rfe8 15. Bg5 a4 16. Ba2 Ne4 17. Be3 h6 18. Rad1 b5 19. c3 Rad8 20. Bc1 Nef6 21. Nh4 Be4 22. f4 Nf8 23. Qf2 Ng6 24. Nf3 Bd5 25. Bb1 Nxf4 26. Ne5 Ng6 27. Nxg6 fxg6 28. Bxg6 Rf8 29. Qh4 Nh7 30. Rd3 Rf6 31. Rg3 Rdf8 32. Qh5 Bc4 33. Bd3 Bxd3 34. Rxd3 Qf7 35. Qxf7+ R8xf7 36. Rde3 Nf8 37. c4 Rf5 38. cxb5 cxb5 39. Rc3 Rf2 40. Rc5 R2f5 41. Be3 Ng6 42. Rec1 Ne7 43. Rxf5 Rxf5 44. Rc5 Kf7 45. g4 Rd5 46. Kf2 Ke8 47. Kf3 Kd7 48. Ke4 Ke8 49. Bf4 Kf7 50. Rc7 Ke8 51. Be5 g6 52. Bf6 Ng8 53. Be5 Ne7 54. Rb7 Kf7 55. Kd3 Ke8 56. Kc3 Nc6 57. Bf6 h5 58. h3 hxg4 59. hxg4 Kf8 60. Rg7 Nxd4 61. Rxg6 1/2-1/2

[Event "Isthmia op 5th"]
[Site "Loutraki"]
[Date "2015.08.23"]
[Round "7"]
[White "Roinos, Ilias"]
[Black "Bodiroga, Predrag"]
[Result "1/2-1/2"]
[WhiteElo "2055"]
[BlackElo "2342"]
[PlyCount "120"]
[EventDate "2015.08.18"]
[EventType "swiss"]
[EventRounds "9"]
[EventCountry "GRE"]
[SourceTitle "EXT 2016"]
[Source "ChessBase"]
[SourceDate "2015.10.08"]
[SourceVersion "1"]
[SourceVersionDate "2015.10.08"]
[SourceQuality "1"]

1. e4 c6 2. d4 d5 3. exd5 cxd5 4. c4 Nf6 5. Nc3 Nc6 6. cxd5 Nxd5 7. Bc4 Nb6 8. Bb5 a6 9. Bxc6+ bxc6 10. Nge2 e6 11. 0-0 Be7 12. Bf4 0-0 13. Rc1 Nd5 14. Bg3 Bg5 15. Nxd5 cxd5 16. Rc7 a5 17. Qc2 Ba6 18. Rd1 Rc8 19. Nc1 Bc4 20. Rxc8 Qxc8 21. Qa4 Qa6 22. Nb3 Bxb3 23. Qxb3 a4 24. Qd3 Qb6 25. Qa3 Rc8 26. Qxa4 Qxb2 27. h3 Bf6 28. Bd6 h6 29. Bc5 Rb8 30. Qa5 Bg5 31. Qa7 Rb7 32. Qa8+ Kh7 33. Qa6 g6 34. a3 Rb3 35. Qf1 Qc2 36. a4 Rb2 37. a5 Bh4 38. a6 Bxf2+ 39. Kh1 Ra2 40. a7 Kg7 41. Ra1 Qa4 42. Rxa2 Qxa2 43. a8Q Qxa8 44. Qxf2 Qd8 45. Qf4 g5 46. Qd6 Qe8 47. Kh2 Kg6 48. Qf8 Qd7 49. Be7 Qc7+ 50. Bd6 Qc2 51. Be5 Qf2 52. Qg7+ Kh5 53. Qh7 f5 54. Qf7+ Kh4 55. Qg6 h5 56. Qxe6 f4 57. Bf6 Qg3+ 58. Kh1 f3 59. gxf3 Qxf3+ 60. Kg1 Qg2+ 1/2-1/2